Java : (Record no. 64434)
[ view plain ]
| 000 -LEADER | |
|---|---|
| fixed length control field | 00919nam a22002657a 4500 |
| 005 - DATE AND TIME OF LATEST TRANSACTION | |
| control field | 20120327124320.0 |
| 008 - FIXED-LENGTH DATA ELEMENTS--GENERAL INFORMATION | |
| fixed length control field | 120327t xxu||||| |||| 00| 0 eng d |
| 010 ## - LCCN (DPL NO) | |
| LC control number | ENG-104898 |
| 020 ## - INTERNATIONAL STANDARD BOOK NUMBER | |
| International Standard Book Number | 9788120345027 |
| Terms of availability | 695.00 |
| 035 ## - SYSTEM CONTROL NUMBER | |
| System control number | EN-88431 |
| 037 ## - SOURCE OF ACQUISITION | |
| Source of stock number/acquisition | DBAD/PUB |
| 040 ## - CATALOGING SOURCE | |
| Original cataloging agency | DPL |
| Language of cataloging | Eng |
| 082 ## - DEWEY DECIMAL CLASSIFICATION NUMBER | |
| Classification number | 005.133 |
| 100 ## - MAIN ENTRY--PERSONAL NAME | |
| 9 (RLIN) | 44300 |
| Personal name | Deitel, Paul |
| 245 ## - TITLE STATEMENT | |
| Title | Java : |
| Statement of responsibility, etc | by Paul Deitel [and] Harvey Deitel |
| Remainder of title | how to program / |
| 250 ## - EDITION STATEMENT | |
| Edition statement | 9th ed |
| 260 ## - PUBLICATION, DISTRIBUTION, ETC. (IMPRINT) | |
| Place of publication, distribution, etc | New Delhi |
| Name of publisher, distributor, etc | PHI Learning |
| Date of publication, distribution, etc | 2012 |
| 270 ## - ADDRESS | |
| Address | M-97, Connaught Circus |
| City | New Delhi |
| Postal code | 110001 |
| 300 ## - PHYSICAL DESCRIPTION | |
| Extent | xxxv,1496p. |
| Dimensions | 24cm(pbk) |
| 500 ## - GENERAL NOTE | |
| General note | Includes index |
| 650 ## - SUBJECT ADDED ENTRY--TOPICAL TERM | |
| Topical term or geographic name as entry element | Java (Computer program language) |
| 9 (RLIN) | 44369 |
| 700 ## - ADDED ENTRY--PERSONAL NAME | |
| Personal name | Deitel, Harvey |
| 9 (RLIN) | 1060 |
| 942 ## - ADDED ENTRY ELEMENTS (KOHA) | |
| Source of classification or shelving scheme | Dewey Decimal Classification |
| Item type | English Books |
| Call number suffix | DEI |
| Classification part | 005.133 |
| Withdrawn status | Lost status | Source of classification or shelving scheme | Damaged status | Not for loan | Collection code | Home library | Current library | Date acquired | Source of acquisition | Cost, normal purchase price | Total Checkouts | Full call number | Barcode | Date last seen | Copy number | Cost, replacement price | Koha item type |
|---|---|---|---|---|---|---|---|---|---|---|---|---|---|---|---|---|---|
| Dewey Decimal Classification | Not For Loan | Non-fiction | D.B.Act.Division | D.B.Act.Division | 27/03/2012 | DBAD/PUB | 695.00 | 005.133 DEI | EN-88431 | 27/03/2012 | 1 | 695.00 | English Books |
